Quản lý hoạt động giáo dục ngoài giờ lên lớp ở các trường tiểu học thị xã Dĩ An, tỉnh Bình Dương

Báo cáo tổng kết đề tài khoa học công nghệ cấp trường; TM tài liệu tham khảo tr. 100 - 102; Gồm 3 chương: Cơ sở lý luận về quản lý hoạt động giáo dục ngoài giờ lên lớp trường tiểu học; thực trạng quản lý hoạt động giáo dục ngoài giờ...

Celý popis

Uloženo v:
Podrobná bibliografie
Hlavní autor: Vũ, Trọng Đông
Médium: Kniha
Jazyk:Undetermined
Vydáno: Bình Dương 2017
Témata:
On-line přístup:http://lrc.tdmu.edu.vn/opac/search/detail.asp?aID=2&ID=40326
Tagy: Přidat tag
Žádné tagy, Buďte první, kdo otaguje tento záznam!
Thư viện lưu trữ: Trung tâm Học liệu Trường Đại học Thủ Dầu Một
LEADER 01705nam a2200193Ia 4500
001 TDMU_40326
008 210410s9999 xx 000 0 und d
082 |a 370 
090 |b V500 
100 |a Vũ, Trọng Đông 
245 0 |a Quản lý hoạt động giáo dục ngoài giờ lên lớp ở các trường tiểu học thị xã Dĩ An, tỉnh Bình Dương 
245 0 |c Vũ Trọng Đông (c.nhiệm) 
260 |a Bình Dương 
260 |c 2017 
300 |a 124 tr 
520 |a Báo cáo tổng kết đề tài khoa học công nghệ cấp trường; TM tài liệu tham khảo tr. 100 - 102; Gồm 3 chương: Cơ sở lý luận về quản lý hoạt động giáo dục ngoài giờ lên lớp trường tiểu học; thực trạng quản lý hoạt động giáo dục ngoài giờ lên lớp của hiệu trưởng ở một số trường trung học tại thị xã Thuận An, tỉnh Bình Dương; đề xuất một số biện pháp quản lý hoạt động giáo dục ngoài giờ lên lớp của hiệu trưởng ở một số trường trung học tại thị xã Thuận An, tỉnh Bình Dương 
650 |a Giáo dục  |x Ngoài giờ lên lớp  |x Quản lý  |x Trường tiểu học  |z Dĩ An (Bình Dương - Việt Nam); Hoạt động ngoài giờ lên lớp  |x Quản lý  |x Trường tiểu học  |z Dĩ An (Bình Dương - Việt Nam) 
856 |u http://lrc.tdmu.edu.vn/opac/search/detail.asp?aID=2&ID=40326 
980 |a Trung tâm Học liệu Trường Đại học Thủ Dầu Một